How to be a first time manager (Record no. 117936)
[ view plain ]
| 000 -LEADER | |
|---|---|
| fixed length control field | 00947cam a2200241 4500 |
| 001 - CONTROL NUMBER | |
| control field | ABS68145 |
| 008 - FIXED-LENGTH DATA ELEMENTS--GENERAL INFORMATION | |
| fixed length control field | 040901n2004 000 0 eng u |
| 035 ## - SYSTEM CONTROL NUMBER | |
| System control number | (Sirsi) u127238 |
| 100 ## - MAIN ENTRY--PERSONAL NAME | |
| Personal name | Saunders, A. |
| 245 ## - TITLE STATEMENT | |
| Title | How to be a first time manager |
| 260 ## - PUBLICATION, DISTRIBUTION, ETC. | |
| Date of publication, distribution, etc. | 2004 |
| 490 ## - SERIES STATEMENT | |
| Series statement | Management Today |
| Volume/sequential designation | August 2004, 52-54(2) |
| 520 ## - SUMMARY, ETC. | |
| Summary, etc. | Gives advice on the skills and qualities required to being a manager for the first time. One of the biggest changes is getting used to the fact that judgement will now be made on the performance of the wider team and not just the individual job performance. Stresses the importance of being able to take difficult decisions where necessary and delegating tasks appropriately. |
| 590 ## - LOCAL NOTE (RLIN) | |
| Local note | ABS |
| 590 ## - LOCAL NOTE (RLIN) | |
| Local note | ABS |
| 650 ## - SUBJECT ADDED ENTRY--TOPICAL TERM | |
| Topical term or geographic name entry element | MANAGEMENT TECHNIQUES |
| 650 ## - SUBJECT ADDED ENTRY--TOPICAL TERM | |
| Topical term or geographic name entry element | MANAGEMENT THEORY |
| 650 ## - SUBJECT ADDED ENTRY--TOPICAL TERM | |
| Topical term or geographic name entry element | TEAMWORK |
| 650 ## - SUBJECT ADDED ENTRY--TOPICAL TERM | |
| Topical term or geographic name entry element | DELEGATION |
| 650 ## - SUBJECT ADDED ENTRY--TOPICAL TERM | |
| Topical term or geographic name entry element | WORK PROCESS |
| 690 ## - LOCAL SUBJECT ADDED ENTRY--TOPICAL TERM (OCLC, RLIN) | |
| Topical term or geographic name as entry element | MANAGEMENT |
| 942 ## - ADDED ENTRY ELEMENTS (KOHA) | |
| Suppress in OPAC | 0 |
| Withdrawn status | Lost status | Source of classification or shelving scheme | Damaged status | Not for loan | Home library | Current library | Shelving location | Date acquired | Total Checkouts | Full call number | Barcode | Date last seen | Copy number | Price effective from | Koha item type |
|---|---|---|---|---|---|---|---|---|---|---|---|---|---|---|---|
| Dewey Decimal Classification | London | London | Journal article | 01/09/2004 | ABS68145 | 127238-1001 | 06/08/2019 | 1 | 06/08/2019 | Journal article |